Solution to problems in mathematics & mechanics vol. 1/ (Record no. 5332)

MARC details
000 -LEADER
fixed length control field 00700nam a22002057a 4500
003 - CONTROL NUMBER IDENTIFIER
control field OSt
005 - DATE AND TIME OF LATEST TRANSACTION
control field 20251030055001.0
008 - FIXED-LENGTH DATA ELEMENTS--GENERAL INFORMATION
fixed length control field 251030b |||||||| |||| 00| 0 eng d
020 ## - INTERNATIONAL STANDARD BOOK NUMBER
International Standard Book Number 978-8558-08 X
040 ## - CATALOGING SOURCE
Original cataloging agency DWCL-Main lib
Transcribing agency OC
082 ## - DEWEY DECIMAL CLASSIFICATION NUMBER
Classification number Fil. 517.2 A774s 1989
100 ## - MAIN ENTRY--PERSONAL NAME
Personal name Arellano-Carandang, Maria Lourdes
245 ## - TITLE STATEMENT
Title Solution to problems in mathematics & mechanics vol. 1/
Statement of responsibility, etc. Maria Lourdes Arellano-Carandang
260 ## - PUBLICATION, DISTRIBUTION, ETC.
Place of publication, distribution, etc. Manila,
Name of publisher, distributor, etc. Ken Inc.,
Date of publication, distribution, etc. c1989.
300 ## - PHYSICAL DESCRIPTION
Extent vol. 1 , 414 pages :
Other physical details illustrations ;
Dimensions 22cm.
504 ## - BIBLIOGRAPHY, ETC. NOTE
Bibliography, etc. note Includes bibliographical references
650 ## - SUBJECT ADDED ENTRY--TOPICAL TERM
Topical term or geographic name entry element 1. Geometry, differential
650 ## - SUBJECT ADDED ENTRY--TOPICAL TERM
Topical term or geographic name entry element 2. Mechanics, analytics
942 ## - ADDED ENTRY ELEMENTS (KOHA)
Source of classification or shelving scheme Dewey Decimal Classification
Koha item type Book-Filipiniana
Call number prefix Fil.
Suppress in OPAC No
952 ## - LOCATION AND ITEM INFORMATION (KOHA)
--
Holdings
Withdrawn status Lost status Source of classification or shelving scheme Damaged status Not for loan Home library Current library Shelving location Date acquired Source of acquisition Cost, normal purchase price Total Checkouts Full call number Barcode Date last seen Copy number Price effective from Koha item type Uniform Resource Identifier
    Dewey Decimal Classification     College Library College Library Filipiniana 12/13/2021 School Fund 240.00   Fil. 517.2 A774s 1989 53114 10/30/2025 c1 10/30/2025 BK - FIL